000
00238nam a22000857a 4500
008
160711b xxu||||| |||| 00| 0 eng d
100
_9
2580
_a
Craig, H
245
_a
The Complete Works of Shakespeare
260
_a
N.J
_b
Scott,Foresman & Com
_c
1961
999
_c
2245
_d
2245